[Event "24th NATO Chess Championship"]
[Site "Rynia"]
[Date "2013.08.15"]
[Round "6.33"]
[White "Ulusoy, Mustafa"]
[Black "Langer, Herb"]
[Result "1-0"]
[WhiteElo "1696"]
[BlackElo "1721"]
[PlyCount "69"]
[EventDate "2013.08.??"]
[EventType "swiss"]
[EventRounds "7"]
[EventCountry "POL"]
[WhiteTeam "NATO"]
[BlackTeam "CAN"]
[BlackTeamCountry "CAN"]

1. d4 f5 2. Nf3 Nf6 3. Bf4 e6 4. Nbd2 Be7 5. c3 O-O 6. h3 d6 7. Qc2 Bd7 8. Bh2
a5 9. e4 fxe4 10. Nxe4 Nxe4 11. Qxe4 Qc8 12. Bd3 g6 13. c4 Nc6 14. O-O Nb4 15.
Rfe1 Nxd3 16. Qxd3 c5 17. Rad1 cxd4 18. Qxd4 Bc6 19. Bxd6 Bxd6 20. Qxd6 Bxf3
21. gxf3 Qxc4 22. b3 Qc6 23. Qxc6 bxc6 24. Kg2 Rf6 25. Rd6 Raf8 26. Re3 c5 27.
Ra6 e5 28. Rxa5 e4 29. Rxe4 Rxf3 30. Re2 Rc3 31. Ra7 h6 32. Ree7 Rff3 33. Rg7+
Kf8 34. Rxg6 Rxh3 35. Rc6 1-0

[Event "24th NATO Chess Championship"]
[Site "Rynia"]
[Date "2013.08.15"]
[Round "6.34"]
[White "Bellemare, Regis"]
[Black "Tikerpuu, Mati"]
[Result "0-1"]
[WhiteElo "1814"]
[BlackElo "1950"]
[PlyCount "60"]
[EventDate "2013.08.??"]
[EventType "swiss"]
[EventRounds "7"]
[EventCountry "POL"]
[WhiteTeam "CAN"]
[BlackTeam "EST"]
[WhiteTeamCountry "CAN"]
[BlackTeamCountry "EST"]

1. e4 e5 2. Nf3 Nc6 3. Bc4 Bc5 4. d3 Nge7 5. Ng5 d5 6. exd5 Na5 7. d6 Nxc4 8.
dxe7 Bxe7 9. Nxf7 Kxf7 10. Qf3+ Bf6 11. dxc4 Qd4 12. Qd5+ Be6 13. Qxd4 exd4 14.
c5 Bc4 15. Bd2 Rhe8+ 16. Kd1 Be2+ 17. Kc1 Bh5 18. a4 Re2 19. Rf1 Rae8 20. Ra3
Bg6 21. Rh3 Be4 22. Rg3 h5 23. Kd1 h4 24. Rg4 Bf5 25. Rf4 Kg6 26. h3 d3 27.
cxd3 Bxd3 28. Nc3 Rxd2+ 29. Kxd2 Bxf1 30. b4 Bg5 0-1

[Event "24th NATO Chess Championship"]
[Site "Rynia"]
[Date "2013.08.15"]
[Round "6.35"]
[White "Csizmadia, Csaba"]
[Black "Stuhr, Finn"]
[Result "1-0"]
[WhiteElo "1855"]
[BlackElo "1737"]
[PlyCount "53"]
[EventDate "2013.08.??"]
[EventType "swiss"]
[EventRounds "7"]
[EventCountry "POL"]
[WhiteTeam "HUN"]
[BlackTeam "NATO"]
[WhiteTeamCountry "HUN"]

1. d4 Nf6 2. c4 b6 3. Nf3 Bb7 4. g3 Bxf3 5. exf3 c6 6. Bg2 d5 7. b3 e6 8. O-O
Be7 9. Nc3 O-O 10. h3 c5 11. dxc5 Bxc5 12. f4 Qc7 13. cxd5 Rd8 14. Bb2 exd5 15.
Na4 Be7 16. Rc1 Nc6 17. Re1 Rac8 18. Qe2 Qd7 19. Red1 Qe6 20. Qb5 Nb4 21. Rxc8
Rxc8 22. a3 Nc6 23. Bxf6 Qxf6 24. b4 Qe6 25. Bxd5 Qf6 26. Re1 Nd4 27. Qd7 1-0

[Event "24th NATO Chess Championship"]
[Site "Rynia"]
[Date "2013.08.15"]
[Round "6.36"]
[White "Morrison, Munroe L"]
[Black "Geerts, Luc"]
[Result "1/2-1/2"]
[WhiteElo "1851"]
[BlackElo "1617"]
[PlyCount "30"]
[EventDate "2013.08.??"]
[EventType "swiss"]
[EventRounds "7"]
[EventCountry "POL"]
[WhiteTeam "ENG"]
[BlackTeam "BEL"]
[WhiteTeamCountry "ENG"]
[BlackTeamCountry "BEL"]

1. e4 e5 2. Nf3 Nc6 3. Bc4 g6 4. d4 exd4 5. Nxd4 Bg7 6. Be3 d6 7. O-O Nf6 8.
Nxc6 bxc6 9. Bg5 O-O 10. Qf3 Bd7 11. Nc3 Qe7 12. Rfe1 Qe5 13. Bf4 Qh5 14. Qg3
Qc5 15. Qd3 Ng4 1/2-1/2

[Event "24th NATO Chess Championship"]
[Site "Rynia"]
[Date "2013.08.15"]
[Round "6.37"]
[White "Ross, David C"]
[Black "Giedraitis, Mingaudas"]
[Result "0-1"]
[WhiteElo "1802"]
[BlackElo "1817"]
[PlyCount "66"]
[EventDate "2013.08.??"]
[EventType "swiss"]
[EventRounds "7"]
[EventCountry "POL"]
[WhiteTeam "NATO"]
[BlackTeam "LTU"]
[BlackTeamCountry "LTU"]

1. e4 e6 2. d4 d5 3. e5 c5 4. c3 Nc6 5. Nf3 Nge7 6. a3 c4 7. Be2 Ng6 8. a4 Be7
9. b3 cxb3 10. Qxb3 b6 11. g3 Na5 12. Bb5+ Bd7 13. Bxd7+ Qxd7 14. Qb5 Qxb5 15.
axb5 Nb3 16. Bb2 Nxa1 17. Bxa1 f6 18. Nbd2 fxe5 19. dxe5 O-O 20. O-O a6 21.
bxa6 Rxa6 22. Kg2 Rfa8 23. Nb3 Ra3 24. Nfd4 Nxe5 25. Bb2 Ra2 26. Bc1 Kf7 27.
Kh3 g5 28. f3 h6 29. Re1 Bf6 30. g4 Nd3 31. Rxe6 Nxc1 32. Nxc1 Bxd4 33. Rxh6
Be5 0-1

[Event "24th NATO Chess Championship"]
[Site "Rynia"]
[Date "2013.08.15"]
[Round "6.38"]
[White "Chwieseni, Edward"]
[Black "Lambruschini, Alex"]
[Result "0-1"]
[WhiteElo "1754"]
[BlackElo "1811"]
[PlyCount "64"]
[EventDate "2013.08.??"]
[EventType "swiss"]
[EventRounds "7"]
[EventCountry "POL"]
[WhiteTeam "ENG"]
[BlackTeam "CAN"]
[WhiteTeamCountry "ENG"]
[BlackTeamCountry "CAN"]

1. e4 e6 2. d4 d5 3. e5 c5 4. c3 Qb6 5. Nf3 Nc6 6. Be3 a5 7. Qb3 Qxb3 8. axb3
cxd4 9. Bxd4 Nxd4 10. Nxd4 Bc5 11. Bb5+ Bd7 12. Bxd7+ Kxd7 13. b4 Bxd4 14. cxd4
Ne7 15. b5 Nf5 16. O-O Nxd4 17. Nc3 b6 18. Rfd1 Nb3 19. Ra3 Nc5 20. Na4 Nxa4
21. Rxa4 Rac8 22. Rf4 Rhf8 23. b4 a4 24. g4 g5 25. Rfd4 Rc3 26. Ra1 a3 27. f4
h6 28. f5 Rfc8 29. f6 Rc1+ 30. Rd1 Rxd1+ 31. Rxd1 Rc2 32. Rd3 a2 0-1

[Event "24th NATO Chess Championship"]
[Site "Rynia"]
[Date "2013.08.15"]
[Round "6.39"]
[White "Allmann, Lauri"]
[Black "Lord, Daniel"]
[Result "1-0"]
[WhiteElo "1900"]
[BlackElo "1607"]
[PlyCount "55"]
[EventDate "2013.08.??"]
[EventType "swiss"]
[EventRounds "7"]
[EventCountry "POL"]
[WhiteTeam "EST"]
[BlackTeam "CAN"]
[WhiteTeamCountry "EST"]
[BlackTeamCountry "CAN"]

1. c4 c5 2. Nc3 Nf6 3. e4 Nc6 4. d3 g6 5. Bg5 Bg7 6. g3 d6 7. Bg2 Bg4 8. f3 Bd7
9. Nge2 Qa5 10. O-O Nd4 11. Bd2 Qa6 12. a4 b6 13. Nxd4 cxd4 14. Nb5 Bxb5 15.
axb5 Qc8 16. f4 e5 17. Bb4 Qc7 18. Bh3 Nd7 19. f5 Nc5 20. Ra3 g5 21. f6 Bf8 22.
Qh5 h6 23. Bxc5 Qxc5 24. Be6 Qc7 25. Bd5 Rc8 26. Ra6 Rg8 27. Rfa1 Qc5 28. Bxf7+
1-0

[Event "24th NATO Chess Championship"]
[Site "Rynia"]
[Date "2013.08.15"]
[Round "6.40"]
[White "Patron, Pascal"]
[Black "Reinup, Hannes"]
[Result "1-0"]
[WhiteElo "1978"]
[BlackElo "1600"]
[PlyCount "55"]
[EventDate "2013.08.??"]
[EventType "swiss"]
[EventRounds "7"]
[EventCountry "POL"]
[WhiteTeam "FRA"]
[BlackTeam "EST"]
[WhiteTeamCountry "FRA"]
[BlackTeamCountry "EST"]

1. e4 e6 2. d4 d5 3. Nc3 Nf6 4. e5 Nfd7 5. f4 b6 6. Nf3 Bb4 7. Bd3 c5 8. a3
cxd4 9. axb4 dxc3 10. bxc3 Nc6 11. O-O a5 12. Kh1 O-O 13. Bxh7+ Kxh7 14. Ng5+
Kg6 15. b5 Ncxe5 16. fxe5 Nxe5 17. Qd4 Nc4 18. Qd3+ f5 19. Qg3 Qd6 20. Bf4 e5
21. Ne4+ Kf7 22. Nxd6+ Nxd6 23. Bxe5 Ne8 24. Rae1 Rg8 25. Qg5 g6 26. Bd6 Ra7
27. Re7+ Rxe7 28. Qxe7# 1-0

[Event "24th NATO Chess Championship"]
[Site "Rynia"]
[Date "2013.08.15"]
[Round "6.41"]
[White "Habakuk, Mikk"]
[Black "Tremblay, Mario"]
[Result "1/2-1/2"]
[WhiteElo "1500"]
[BlackElo "1466"]
[PlyCount "55"]
[EventDate "2013.08.??"]
[EventType "swiss"]
[EventRounds "7"]
[EventCountry "POL"]
[WhiteTeam "EST"]
[BlackTeam "CAN"]
[WhiteTeamCountry "EST"]
[BlackTeamCountry "CAN"]

1. c4 Nf6 2. Nc3 e5 3. d3 Nc6 4. Nf3 b6 5. a3 Bb7 6. e4 h6 7. Be2 Bc5 8. h3 a5
9. Qc2 Qe7 10. Nb5 d6 11. Nh4 Bxf2+ 12. Kxf2 Nxe4+ 13. dxe4 Qxh4+ 14. g3 Qe7
15. Be3 f5 16. Bh5+ Kd7 17. Rad1 f4 18. Bg4+ Kd8 19. gxf4 exf4 20. Bxf4 Ne5 21.
Bxe5 Qxe5 22. Ke3 Qg3+ 23. Kd2 Qf4+ 24. Kc3 Bxe4 25. Rd3 Bxd3 26. Qxd3 Re8 27.
Kc2 Re3 28. Qd5 1/2-1/2